000 00692cab a2200241 4500
001 ABS55642
008 090401t1996 xxu||||| |||| 00| 0 eng d
035 _a(Sirsi) u17730
041 _aeng
100 _aLittlewood, S.
245 _aRe-forming urban regeneration?
260 _c1996
350 _a0
490 _aLocal Economy
_v11(1) May 1996, 39-49(11)
520 _aLooks at how English Partnerships have restructured urban policy to meet the changing features of urban regeneration.
650 _aENGLISH PARTNERSHIPS
650 _aURBAN POLICY
650 _aURBAN REGENERATION
690 _aURBAN RENEWAL
700 _aWhitney, D.
942 _n0
948 _c04/03/1997
999 _c11758
_d11758